• 首页
  • 本馆介绍
  • 公告通知
  • 最新文献
  • 馆藏检索
  • 电子资源
  • 读者导购
  • 参考咨询
  • 我的图书馆
  • 登录
  • 详细信息显示
  • 放入我的书架
  • 预约/预借图书
  • 作者相关作品
  • 分类相关作品
  • 丛书相关作品
  • 出版社相关作品

书目信息

  • 表格格式
  • 工作单格式
  • 卡片格式
题名:
分析、流形和物理学
    
 
作者: 肖凯-布吕埃 , 德维特-莫雷特 著
分册: 第2卷  
出版信息: 北京   世界图书出版公司北京公司  2015.1
页数: xvi, 541页
开本: 26cm
丛书名:
单 册:
中图分类: O17 , O189.3
科图分类:
主题词: 数学分析--shu xue fen xi--英文 , 流形拓扑--liu xing tuo pu--英文 , 物理学--wu li xue--英文
电子资源:
ISBN: 978-7-5100-8442-3
000 01473nam0 2200373 450
001 0400004847
005 20171026151400.29
010    @a978-7-5100-8442-3@dCNY139.00
099    @aCAL 012015069743
100    @a20150604d2015 em y0chiy50 ea
101 0  @aeng@gchi
102    @aCN@b110000
105    @ay z 000yy
106    @ar
200 1  @a分析、流形和物理学@Afen xi、liu xing he wu li xue@h第2卷@d= Analysis, manifolds and physics@hPart II@fYvonne Choquet-Bruhat, C. DeWitt-Morette@zeng
205    @a修订版
210    @a北京@c世界图书出版公司北京公司@d2015.1
215    @axvi, 541页@d26cm
304    @a题名及责任者取自版权页
305    @a本书英文影印版由Elsevier(Singapore)Pte Ltd.授权世界图书出版公司北京公司在中国大陆境内独家发行
320    @a有索引
330    @a本书内容包括:分析基本观点;Banach空间上的微积分;微分流形:有限维的例子;流形上的积分;Riemannian流形,Kahlerian流形;分布;微分流形:无限维的例子。
333    @a数学物理学家及相关读者。
510 1  @aAnalysis, manifolds and physics@hPart II@zeng
606 0  @a数学分析@Ashu xue fen xi@x英文
606 0  @a流形拓扑@Aliu xing tuo pu@x英文
606 0  @a物理学@Awu li xue@x英文
690    @aO17@v5
690    @aO189.3@v5
701  1 @a肖凯-布吕埃@Axiao kai - bu lv ai@g(Choquet-Bruhat, Yvonne)@4著
701  1 @a德维特-莫雷特@Ade wei te - mo lei te@g(DeWitt-Morette, C. )@4著
801  0 @aCN@bNEU@c20171025
905    @b1039608-11@dO17@f4@e173:2=2
920    @a221060@z1
    
    分析、流形和物理学.第2卷= Analysis, manifolds and physics.Part II/Yvonne Choquet-Bruhat, C. DeWitt-Morette.-修订版.-北京:世界图书出版公司北京公司,2015.1
    xvi, 541页;26cm
    使用对象:数学物理学家及相关读者。
    
    ISBN 978-7-5100-8442-3:CNY139.00
    本书内容包括:分析基本观点;Banach空间上的微积分;微分流形:有限维的例子;流形上的积分;Riemannian流形,Kahlerian流形;分布;微分流形:无限维的例子。
●
相关链接 在E读中查询图书 在五车中查询图书 在当当中查询图书 在豆瓣中查询图书


正题名:分析、流形和物理学     索取号:O17/173:2=2         预约/预借

序号 登录号 条形码 馆藏地/架位号 状态 备注
1 1039608   210396089   第二样本阅览室/ [索取号:O17/173:2=2] 在馆    
2 1039609   210396098   第三借阅区/ [索取号:O17/173:2=2] 在馆    
3 1039610   210396105   第三借阅区/ [索取号:O17/173:2=2] 在馆    
4 1039611   210396114   密集书库-数信学院/ [索取号:O17/173:2=2] 在馆    
唐山师范学院图书馆 欢迎您!
大连网信软件有限公司© 版权所有